Open Data Biblioteca Nacional de Portugal


República Portuguesa: Ministério da Cultura
Biblioteca Nacional de Portugal

Catálogo da BNP: acesso por Identificadores Unívocos
Registos Bibliográficos associados ao registo de autoridade

Etiqueta de registo: 00254nam 2200025 450
001 2104249
003 http://id.bnportugal.gov.pt/bib/catbnp/2104249
010 ## $a978-989-671-685-1
021 ## $aPT$b497880/22
100 ## $a20220708d2022 m y0pory01030103ba
101 0# $apor
102 ## $aPT
105 ## $aa b 000yy
106 ## $ar
200 1# $aEu estive lá!$ebilhetes de concertos em Portugal$fcoord. Henrique Amaro$gtextos Ana Cristina Ferrão... [et al.]
205 ## $a1ª ed
210 #9 $aLisboa$cTinta da China,$d2022
215 ## $a206, [1] p.$cil.$d22 cm
675 ## $a785.6(469)"1965/2022"(085)$vBN$zpor$31853376
702 #1 $aAmaro,$bHenrique,$f1970-$4340$31851604
702 #1 $aFerrão,$bAna Cristina$4070$347273
801 #0 $aPT$bBN$gRPC
856 41 $uhttp://rnod.bnportugal.gov.pt/ImagesBN/winlibimg.aspx?skey=&doc=2104249&img=166849&save=true
900 ## $aBIBNAC$d20220808
966 ## $lBN$mMUSICA$sM. 5847 V.$x1
966 ## $lBN$mMUSICA$sM. 5847 V.-D $x1
971 ## $carosa$d20220708
972 ## $e0$z0$d20220808$vmsebas
973 ## $cmcarvalho$d20220727
975 ## $e0$d20220916$visabelm

Etiqueta de registo: 00254nam 2200025 450
001 2284041
003 http://id.bnportugal.gov.pt/bib/catbnp/2284041
010 ## $a978-989-671-999-9
021 ## $aPT$b557001/25
100 ## $a20260410d2026 m y0pory01030103ba
101 0# $apor
102 ## $aPT
105 ## $aa z 000yy
106 ## $ar
200 1# $aLovesong$fÁlvaro Rosendo$gconceito e org. Pedro Falcão, Álvaro Rosendo, Henrique Amaro$gtextos Tim... [et al.]
205 ## $a1ª ed
210 #9 $aLisboa$cTinta-da-China,$d2026
215 ## $a266, [4] p.$cil.$d24 cm
700 #1 $aRosendo,$bÁlvaro$3189480
702 #1 $aFalcão,$bPedro,$f1971-$4340$31050109
702 #1 $aAmaro,$bHenrique,$f1970-$4340$31851604
702 #0 $aTim,$cpseud.$4070$31926048
801 #0 $aPT$bBN$gRPC
966 ## $lBN$mFGMON$x1
966 ## $lBN$mFGMON$x1
971 ## $cabrito$d20260410

OpendataBNP@bnportugal.pt | Mais informação sobre acesso aos dados BNP